[Event "Poznan op 26th"]
[Site "Poznan"]
[Date "2018.08.25"]
[Round "8"]
[White "Sieciechowicz, Marcin"]
[Black "Schmidt, Wlodzimierz"]
[Result "1/2-1/2"]
[WhiteElo "2424"]
[BlackElo "2258"]
[PlyCount "38"]
[EventDate "2018.08.19"]
[EventType "swiss"]
[EventRounds "9"]
[EventCountry "POR"]
[SourceTitle "CBM 186 Extra"]
[Source "ChessBase"]
[SourceDate "2018.08.24"]
[SourceVersion "1"]
[SourceVersionDate "2018.08.24"]
[SourceQuality "1"]

1. d4 Nf6 2. c4 g6 3. Nc3 d5 4. cxd5 Nxd5 5. e4 Nxc3 6. bxc3 Bg7 7. Bc4 c5 8. Ne2 Nc6 9. Be3 0-0 10. 0-0 Bg4 11. f3 Bd7 12. Rb1 Qc7 13. Bf4 Qc8 14. d5 Na5 15. Bd3 e6 16. Qd2 exd5 17. exd5 c4 18. Bc2 Re8 19. Be3 b6 1/2-1/2

[Event "Police Gniota Memorial 33rd"]
[Site "Police"]
[Date "2018.07.16"]
[Round "6"]
[White "Golubka, Petr"]
[Black "Schmidt, Wlodzimierz"]
[Result "1/2-1/2"]
[WhiteElo "2496"]
[BlackElo "2242"]
[PlyCount "30"]
[EventDate "2018.07.11"]
[EventType "swiss"]
[EventRounds "9"]
[EventCountry "POL"]
[SourceTitle "CBM 185 Extra"]
[Source "ChessBase"]
[SourceDate "2018.07.29"]
[SourceVersion "1"]
[SourceVersionDate "2018.07.29"]
[SourceQuality "1"]

1. c4 Nf6 2. Nc3 e5 3. Nf3 Nc6 4. e3 Bb4 5. Qc2 Bxc3 6. Qxc3 Qe7 7. Be2 0-0 8. 0-0 e4 9. Ne1 d5 10. b3 Rd8 11. cxd5 Nxd5 12. Qb2 Bf5 13. f3 exf3 14. Bxf3 Bg6 15. a3 a5 1/2-1/2

[Event "Police Gniota Memorial 33rd"]
[Site "Police"]
[Date "2018.07.15"]
[Round "5"]
[White "Goluch, Piotr"]
[Black "Schmidt, Wlodzimierz"]
[Result "1/2-1/2"]
[WhiteElo "2332"]
[BlackElo "2242"]
[PlyCount "42"]
[EventDate "2018.07.11"]
[EventType "swiss"]
[EventRounds "9"]
[EventCountry "POL"]
[SourceTitle "CBM 185 Extra"]
[Source "ChessBase"]
[SourceDate "2018.07.29"]
[SourceVersion "1"]
[SourceVersionDate "2018.07.29"]
[SourceQuality "1"]

1. Nf3 Nf6 2. c4 g6 3. g3 Bg7 4. Bg2 d5 5. cxd5 Nxd5 6. Nc3 0-0 7. 0-0 c5 8. Nxd5 Qxd5 9. d3 Nc6 10. Be3 Bd7 11. Nd4 Qd6 12. Nxc6 Bxc6 13. Bxc6 Qxc6 14. Rc1 Qe6 15. Bxc5 Bxb2 16. Rb1 Bg7 17. Qb3 Qxb3 18. Rxb3 b6 19. Bb4 Rfc8 20. a4 Rc2 21. e3 e6 1/2-1/2

[Event "Police Gniota Memorial 33rd"]
[Site "Police"]
[Date "2018.07.14"]
[Round "4"]
[White "Schmidt, Wlodzimierz"]
[Black "Chojnacki, Krzysztof"]
[Result "1/2-1/2"]
[WhiteElo "2242"]
[BlackElo "2385"]
[PlyCount "29"]
[EventDate "2018.07.11"]
[EventType "swiss"]
[EventRounds "9"]
[EventCountry "POL"]
[SourceTitle "CBM 185 Extra"]
[Source "ChessBase"]
[SourceDate "2018.07.29"]
[SourceVersion "1"]
[SourceVersionDate "2018.07.29"]
[SourceQuality "1"]

1. d4 d5 2. c4 c6 3. Nc3 Nf6 4. Nf3 dxc4 5. a4 Bf5 6. Ne5 Nbd7 7. Nxc4 Qc7 8. g3 e5 9. dxe5 Nxe5 10. Bf4 Nfd7 11. Bg2 g5 12. Ne3 gxf4 13. Nxf5 0-0-0 14. 0-0 Nc5 15. Qc2 1/2-1/2

[Event "Poznan op 25th"]
[Site "Poznan"]
[Date "2017.08.27"]
[Round "9"]
[White "Schmidt, Wlodzimierz"]
[Black "Nowak, Rafal"]
[Result "1-0"]
[WhiteElo "2272"]
[BlackElo "1996"]
[PlyCount "59"]
[EventDate "2017.08.20"]
[EventType "swiss"]
[EventRounds "9"]
[EventCountry "POL"]
[SourceTitle "CBM 180 Extra"]
[Source "ChessBase"]
[SourceDate "2017.10.06"]
[SourceVersion "1"]
[SourceVersionDate "2017.10.06"]
[SourceQuality "1"]

1. d4 d5 2. c4 c6 3. Nc3 Nf6 4. Nf3 a6 5. e3 b5 6. b3 Bg4 7. Be2 e6 8. 0-0 Be7 9. h3 Bh5 10. Ne5 Bxe2 11. Qxe2 0-0 12. Bb2 b4 13. Na4 Ne4 14. Rac1 f6 15. Nd3 Ra7 16. Rc2 Bd6 17. Rfc1 f5 18. f3 Ng3 19. Qe1 g5 20. Ne5 Bxe5 21. dxe5 f4 22. cxd5 cxd5 23. Qxb4 Rg7 24. Qd6 Qxd6 25. exd6 Rg6 26. exf4 gxf4 27. Nb6 Nf5 28. Rc8 Nxd6 29. Rxf8+ Kxf8 30. Ba3 1-0

[Event "Police Gniota Memorial 32nd"]
[Site "Police"]
[Date "2017.07.11"]
[Round "7"]
[White "Sabuk, Piotr"]
[Black "Schmidt, Wlodzimierz"]
[Result "1/2-1/2"]
[WhiteElo "2381"]
[BlackElo "2273"]
[PlyCount "41"]
[EventDate "2017.07.05"]
[EventType "swiss"]
[EventRounds "9"]
[EventCountry "POL"]
[SourceTitle "EXT 2018"]
[Source "ChessBase"]
[SourceDate "2017.10.13"]
[SourceVersion "1"]
[SourceVersionDate "2017.10.13"]
[SourceQuality "1"]

1. d4 Nf6 2. c4 g6 3. Nf3 Bg7 4. e3 0-0 5. Be2 c5 6. d5 d6 7. Nc3 e6 8. 0-0 Re8 9. e4 exd5 10. exd5 Bf5 11. Nh4 Bc8 12. h3 Ne4 13. Nxe4 Rxe4 14. Nf3 Nd7 15. Bd3 Re8 16. Bg5 Bf6 17. Bxf6 Qxf6 18. Qd2 Ne5 19. Nxe5 Rxe5 20. Rae1 Rxe1 21. Rxe1 1/2-1/2

[Event "Police Gniota Memorial 32nd"]
[Site "Police"]
[Date "2017.07.05"]
[Round "1"]
[White "Niedbal, Piotr"]
[Black "Schmidt, Wlodzimierz"]
[Result "1/2-1/2"]
[WhiteElo "1825"]
[BlackElo "2273"]
[PlyCount "34"]
[EventDate "2017.07.05"]
[EventType "swiss"]
[EventRounds "9"]
[EventCountry "POL"]
[SourceTitle "EXT 2018"]
[Source "ChessBase"]
[SourceDate "2017.10.13"]
[SourceVersion "1"]
[SourceVersionDate "2017.10.13"]
[SourceQuality "1"]

1. e4 e6 2. d4 d5 3. Nd2 c5 4. exd5 exd5 5. Ngf3 Nf6 6. dxc5 Bxc5 7. Bb5+ Nc6 8. 0-0 0-0 9. Nb3 Bb6 10. Bg5 h6 11. Bh4 g5 12. Bg3 Ne4 13. Nfd4 Qf6 14. c3 Bd7 15. Bd3 Rad8 16. Bc2 Rfe8 17. Qd3 Qg7 1/2-1/2

[Event "POL-chT 1st League"]
[Site "Poronin"]
[Date "2016.09.09"]
[Round "7.5"]
[White "Goluch, Piotr"]
[Black "Schmidt, Wlodzimierz"]
[Result "1/2-1/2"]
[WhiteElo "2330"]
[BlackElo "2289"]
[PlyCount "61"]
[EventDate "2016.09.03"]
[EventType "team-tourn"]
[EventRounds "9"]
[EventCountry "POL"]
[SourceTitle "CBM 174 Extra"]
[Source "ChessBase"]
[SourceDate "2016.10.10"]
[SourceVersion "1"]
[SourceVersionDate "2016.10.10"]
[SourceQuality "1"]
[WhiteTeam "Kopernik WKS"]
[BlackTeam "Gliwice Akademia Szachowa"]
[WhiteTeamCountry "POL"]
[BlackTeamCountry "POL"]

1. d4 Nf6 2. c4 g6 3. g3 Bg7 4. Bg2 d5 5. cxd5 Nxd5 6. Nf3 Nb6 7. Nc3 Nc6 8. e3 0-0 9. 0-0 Re8 10. Re1 a5 11. Qe2 e5 12. Nxe5 Nxe5 13. dxe5 Bxe5 14. e4 Bd7 15. Be3 Na4 16. Nxa4 Bxa4 17. Qc4 Bc6 18. Rad1 Qe7 19. Bc5 Qe6 20. Qxe6 Rxe6 21. Bh3 Ree8 22. Bd7 Bxd7 23. Rxd7 Rad8 24. Red1 Rxd7 25. Rxd7 Bxb2 26. Rxc7 Rxe4 27. Rxb7 Bd4 28. Bxd4 Rxd4 29. Rb3 h5 30. h4 Kf8 31. Re3 1/2-1/2

[Event "POL-chT 1st League"]
[Site "Poronin"]
[Date "2016.09.08"]
[Round "6.2"]
[White "Schmidt, Wlodzimierz"]
[Black "Sapeta, Robert"]
[Result "1-0"]
[WhiteElo "2289"]
[BlackElo "2075"]
[PlyCount "51"]
[EventDate "2016.09.03"]
[EventType "team-tourn"]
[EventRounds "9"]
[EventCountry "POL"]
[SourceTitle "CBM 174 Extra"]
[Source "ChessBase"]
[SourceDate "2016.10.10"]
[SourceVersion "1"]
[SourceVersionDate "2016.10.10"]
[SourceQuality "1"]
[WhiteTeam "Gliwice Akademia Szachowa"]
[BlackTeam "Pawlowice Gminy"]
[WhiteTeamCountry "POL"]
[BlackTeamCountry "POL"]

1. d4 Nf6 2. c4 c5 3. d5 Ne4 4. f3 Qa5+ 5. Nd2 Nf6 6. e4 d6 7. Bd3 g6 8. Ne2 Bg7 9. 0-0 0-0 10. f4 e6 11. dxe6 fxe6 12. Nf3 Nc6 13. Bd2 Qc7 14. Nc3 Nh5 15. g3 a6 16. a3 Nd4 17. Nh4 Qd8 18. f5 Nxf5 19. exf5 Bd4+ 20. Kg2 b5 21. fxg6 Nf6 22. gxh7+ Kg7 23. h3 Bb7+ 24. Kh2 Qc7 25. Bg5 Nxh7 26. Qh5 1-0

[Event "POL-chT 1st League"]
[Site "Poronin"]
[Date "2016.09.04"]
[Round "2.4"]
[White "Schmidt, Wlodzimierz"]
[Black "Bardeli, Lukasz"]
[Result "1-0"]
[WhiteElo "2289"]
[BlackElo "2188"]
[PlyCount "103"]
[EventDate "2016.09.03"]
[EventType "team-tourn"]
[EventRounds "9"]
[EventCountry "POL"]
[SourceTitle "CBM 174 Extra"]
[Source "ChessBase"]
[SourceDate "2016.10.10"]
[SourceVersion "1"]
[SourceVersionDate "2016.10.10"]
[SourceQuality "1"]
[WhiteTeam "Gliwice Akademia Szachowa"]
[BlackTeam "Gniezno LKS Chrobry"]
[WhiteTeamCountry "POL"]
[BlackTeamCountry "POL"]

1. d4 d5 2. c4 c6 3. Nc3 Nf6 4. Nf3 a6 5. c5 Nbd7 6. Bf4 g6 7. h3 Bg7 8. e3 0-0 9. Be2 Ne8 10. 0-0 Nc7 11. Qc2 Re8 12. Rfd1 e5 13. dxe5 Nxe5 14. Nxe5 Bxe5 15. Bxe5 Rxe5 16. Bd3 Qh4 17. Qa4 Qe7 18. Qf4 Bf5 19. Bf1 Re8 20. b4 Qf6 21. Rac1 Ne6 22. Qg3 Ng7 23. a3 Bc8 24. Rd2 h5 25. Ne2 Rg5 26. Qh2 h4 27. Nd4 Nh5 28. Be2 Ng3 29. Bf3 Ne4 30. Rdc2 Rge5 31. Qf4 Qe7 32. a4 Ng5 33. Kh1 Bf5 34. Rb2 Ne4 35. Bxe4 Bxe4 36. b5 Rg5 37. f3 Bf5 38. bxc6 bxc6 39. Nxc6 Qxe3 40. Qxe3 Rxe3 41. Nd4 Bc8 42. Rb8 Re8 43. f4 Rg3 44. Nf3 Kg7 45. c6 d4 46. c7 d3 47. Rd1 Rxf3 48. gxf3 Kf6 49. Rxd3 Re1+ 50. Kh2 Re2+ 51. Kg1 Bxh3 52. c8Q 1-0

[Event "Katowice POL-HUN 4th"]
[Site "Katowice"]
[Date "2016.05.08"]
[Round "9"]
[White "Dubinski, Mateusz"]
[Black "Schmidt, Wlodzimierz"]
[Result "1-0"]
[WhiteElo "2202"]
[BlackElo "2292"]
[PlyCount "65"]
[EventDate "2016.05.07"]
[EventType "swiss (rapid)"]
[EventRounds "9"]
[EventCountry "POL"]
[SourceTitle "CBM 172 Extra"]
[Source "ChessBase"]
[SourceDate "2016.06.21"]
[SourceVersion "1"]
[SourceVersionDate "2016.06.21"]
[SourceQuality "1"]

1. d4 Nf6 2. c4 g6 3. Nc3 d5 4. Bf4 Bg7 5. e3 0-0 6. Nf3 c5 7. dxc5 Qa5 8. Bxb8 Rxb8 9. Qb3 Ne4 10. Rc1 dxc4 11. Bxc4 Nxc3 12. bxc3 Qxc5 13. 0-0 Bg4 14. Nd4 b5 15. Bd5 e6 16. Be4 e5 17. Nc6 Rbc8 18. Qb4 Qxb4 19. cxb4 Rc7 20. Rc5 a6 21. Rfc1 Be6 22. a3 f6 23. g3 Rd7 24. Kg2 f5 25. Bd5 Re8 26. Bxe6+ Rxe6 27. Nb8 Rb7 28. Rc8+ Bf8 29. R1c7 Rxc7 30. Rxc7 e4 31. Ra7 Bg7 32. Nxa6 Rd6 33. Nc7 1-0

[Event "Katowice POL-HUN 4th"]
[Site "Katowice"]
[Date "2016.05.07"]
[Round "4"]
[White "Schmidt, Wlodzimierz"]
[Black "Pakleza, Zbigniew"]
[Result "0-1"]
[WhiteElo "2292"]
[BlackElo "2506"]
[PlyCount "66"]
[EventDate "2016.05.07"]
[EventType "swiss (rapid)"]
[EventRounds "9"]
[EventCountry "POL"]
[SourceTitle "CBM 172 Extra"]
[Source "ChessBase"]
[SourceDate "2016.06.21"]
[SourceVersion "1"]
[SourceVersionDate "2016.06.21"]
[SourceQuality "1"]

1. d4 d6 2. Nf3 Bg4 3. c4 c6 4. Nc3 Nf6 5. e3 e6 6. d5 exd5 7. cxd5 Be7 8. Be2 0-0 9. 0-0 c5 10. Nd2 Bxe2 11. Qxe2 Re8 12. Nc4 Bf8 13. b3 Qd7 14. a4 Na6 15. Bb2 Nb4 16. Rad1 Qf5 17. Rfe1 Rad8 18. e4 Qg6 19. f3 Nh5 20. Qf1 Nc2 21. Re2 Nd4 22. Re3 f5 23. exf5 Qxf5 24. Nb5 Nxb5 25. axb5 Nf4 26. g3 Nxd5 27. Red3 Nb4 28. Rxd6 Bxd6 29. Nxd6 Qc2 30. Re1 Rxe1 31. Qxe1 Qg6 32. Nxb7 Re8 33. Qc3 Qb1+ 0-1